Dirigeants des Pays Européens #1 - Statistiques

Statistiques générales
  • Ce quiz a été pris 46 fois
  • Le résultat moyen est 3 sur 16
Statistiques - réponses
Par images Réponse % Correct
Emmanuel Macron (France)
94%
Pedro Sánchez (Espagne)
56%
Friedrich Merz (Allemagne)
44%
Alexandre Loukachenko (Biélorussie)
36%
Bart De Wever (Belgique)
22%
Mette Frederiksen (Danemark)
17%
Edi Rama (Albanie)
3%
Petteri Orpo (Finlande)
3%
Andrej Plenković (Croatie)
0%
Borjana Kristo (Bosnie)
0%
Christian Stocker (Autriche)
0%
Kristen Michal (Estonie)
0%
Kyriákos Mitsotákis (Grèce)
0%
Nikos Christodoulides (Chypre)
0%
Rossen Jeliazkov (Bulgarie)
0%
Xavier Espot Zamora (Andorre)
0%
Aucun quiz correspondant
Distribution des résultats
% des personnes avec chaque résultat
Percentile par nombre de réponses
Votre historique - résultats
Vous n’avez pas pris ce quiz